Statistics for Every Marvel Movie Death Part 3

Click here to take the quiz!

General Stats

  • This quiz has been taken 6 times
  • The average score is 36 of 139

Answer Stats

Movie/TV ShowDeathCharacter% Correct
Avengers:EndgameDied from gamma radiation after using the stonesAnthony Stark/Iron Man
100%
Avengers:EndgameImpaled by OkoyeCorvus Glaive
100%
Avengers:EndgameDisintegrated with the stones by Iron ManEbony Maw
100%
Avengers:EndgameShot by herself from another universeNebula
100%
Doctor Strange in the Multiverse of MadnessSliced in half by Scarlet Witch with her own shieldPeggy Carter/Captain Carter
100%
Avengers:EndgameDisintegrated with the stones by Iron ManProxima Midnight
100%
Doctor Strange in the Multiverse of MadnessShredded apart by Scarlet WitchReed Richards/Mister Fantastic
100%
Avengers:EndgameDisintegrated with the stones by Iron ManThanos
100%
Doctor Strange in the Multiverse of MadnessLiquified the inside of his head after screaming with no mouthBlackagar Boltagon/Black Bolt
83%
LoganImpaled by X-24Charles Xavier/Professor X
83%
Doctor Strange in the Multiverse of MadnessNeck broken by Scarlet WitchCharles Xavier/Professor X
83%
Avengers:EndgameStepped on by Giant-ManCull Obsidian
83%
EternalsStabbed by KroGilgamesh
83%
EternalsCommitted suicide by flying into the sunIkaris
83%
Doctor Strange in the Multiverse of MadnessCrushed by a falling statue by Scarlet WitchMaria Rambeau/Captain Marvel
83%
Spider-Man: Far From HomeShot by own of his dronesQuentin Beck/Mysterio
83%
Doctor Strange in the Multiverse of MadnessImpaled through the back by a demonStephen Strange/Doctor Strange
83%
Doctor Strange in the Multiverse of MadnessImpaled on a fence after being pushed out a window by StrangeStephen Strange/Doctor Strange
83%
Doctor Strange in the Multiverse of MadnessCrushed after destroying the templeWanda Maximoff/Scarlet Witch
83%
EternalsStabbed by a DeviantAjak
67%
Venom: Let There Be CarnageEaten by VenomCarnage
67%
Thor: Love and ThunderDied after the Necrosword left him mortalGorr
67%
EternalsTrisected by ThenaKro
67%
Spider-Man: No Way HomeImpaled by Norman with the Goblin GliderMay Parker
67%
Black Panther: Wakanda ForeverDied of an unknown causeT'Challa/Black Panther
67%
HawkeyeShot by EchoWilson Fisk/Kingpin
67%
Shang-Chi and the Legend of the Ten RingsSoul taken by the Dweller-in-DarknessXu Wenwu/The Mandarin
67%
Avengers:EndgameStabbed by Ronin with his swordAkihiko
50%
Moon KnightShot by LockleyArthur Harrow
50%
Deadpool 2Blown into a helicopter's blades and shreddedGavreeda-Seven/Shatterstar
50%
The Falcon and the Winter SoldierShot by SharonGeorges Batroc/Batroc the Leaper
50%
LoganImpaled on a tree branch and died of woundsJames Howlett/Wolverine
50%
Thor: Love and ThunderDied of cancerJane Foster/Mighty Thor
50%
The Falcon and the Winter SoldierShot by SharonKarli Morganthau/Flag-Smasher
50%
HawkeyeStabbed by EchoKazimierz Kazimierczak
50%
The Falcon and the Winter SoldierThrown against a stone pillar by KarliLemar Hoskins/Battlestar
50%
Shang-Chi and the Legend of the Ten RingsSoul taken by a DwellerLi Ching-Lin/Death Dealer
50%
LokiStabbed by SylvieNathaniel Richards/He Who Remains
50%
Deadpool 2Blown into live wires and electrocutedTelford Porter/Vanisher
50%
EternalsTurned into stone by SersiTiamut
50%
Moon KnightDied when Lockley shot HarrowAmmit
33%
HawkeyeImpaled with a sword by Eleanor BishopArmand Duquesne III
33%
Deadpool 2Blown into a woodchopper and shreddedAxel Cluney/Zeitgeist
33%
Venom: Let There Be CarnageCrushed by a falling church bellFrancis Barrison/Shriek
33%
Shang-Chi and the Legend of the Ten RingsSoul taken by a DwellerGuang Bo
33%
Deadpool 2Blown in front of a bus and killedJesse Aaronson/Bedlam
33%
Ms. MarvelFlesh crystallised and shattered when she entered the rift.Najma
33%
LokiKilled by Nathaniel RichardsNathaniel Richards/Kang
33%
Ms. MarvelStabbed and kicked off a balcony by NajmaWaleed
33%
LoganHead blown in half by Laura with an adamantium bulletX-24
33%
Moon KnightDissected by a Heka PriestBilly Fitzgerald
17%
LoganBlew himself up with grenades to destroy the vanCaliban
17%
The New MutantsEaten by the Demon BearCecilia Reyes
17%
Venom: Let There Be CarnageHead bitten off by VenomCletus Kasady
17%
The Falcon and the Winter SoldierBlown up with a car bomb by OeznikDeedee
17%
LoganKilled by the children's combined powersDonald Pierce
17%
The Falcon and the Winter SoldierBlown up with a car bomb by OeznikDovich
17%
Ms. MarvelFlesh crystallised and shattered when she entered the rift.Fariha
17%
Shang-Chi and the Legend of the Ten RingsThrown in front of a subwayGao Lei
17%
The Falcon and the Winter SoldierBlown up with a car bomb by OeznikGigi
17%
Doctor Strange in the Multiverse of MadnessKilled by WandaHamir
17%
Ms. MarvelDied of an unknown causeHasan
17%
Werewolf by NightHead incinerated by Man-ThingJoshua Joven
17%
LokiConsumed by AliothLoki Laufeyson
17%
MorbiusInjected with antibodies by MorbiusMilo Morbius
17%
Thor: Love and ThunderStabbed in the neck and decapitated by GorrRapu
17%
Doctor Strange in the Multiverse of MadnessIncinerated after destroying the DarkholdSara Wolfe
17%
The Falcon and the Winter SoldierShot by SharonSelby
17%
LokiKilled by Kid LokiThor Odinson
17%
Werewolf by NightDied of an unknown cause off-screenUlysses Bloodstone
17%
Werewolf by NightIncinerated by Man-ThingVerussa Bloodstone
17%
Moon KnightDied of unknown causesWendy Spector
17%
Ms. MarvelStabbed in the back by the Red DaggerAadam
0%
Moon KnightStabbed in the stomach by LockleyAlpha
0%
Werewolf by NightThroat slit and stabbed in the head with a sword by Elsa BloodstoneAzeral
0%
Werewolf by NightEar bitten off by Werewolf by Night and throat slit by Elsa BloodstoneBarasso
0%
Agents of SHIELDInsides torn out by AbbyBeast
0%
Moon KnightStabbed by LaylaBek
0%
Agents of SHIELDKilled by Sinara with her Kree SpheresBen
0%
Moon KnightKilled by LockleyBeta
0%
LokiConsumed by AliothC-20
0%
Venom: Let There Be CarnageStrangled by CarnageCamille Pazzo
0%
LoganThroat slit by X-24Carl
0%
The New MutantsMauled by WolfsbaneCraig
0%
Werewolf by NightDied of an unknown cause off-screenDavid Long
0%
The Falcon and the Winter SoldierDied of tuberculosisDonya Madani
0%
Werewolf by NightDied of an unknown cause off-screenElise Bloodstone
0%
MorbiusBled to death after having his stomach clawed open by MiloEmil Nicholas
0%
Thor: Love and ThunderKilled by GorrFalligar
0%
Agents of SHIELDStabbed by KasiusFaulnak
0%
Werewolf by NightDied of an unknown cause off-screenFrances Brisbane Bloodstone
0%
LoganShot by a ReaverGabriela Lopez
0%
Ms. MarvelDied of an unknown causeGabriel Wilson Sr
0%
Agents of SHIELDCrushed by rubbleGrill
0%
Thor: Love and ThunderBlown up by ThorHabooska
0%
Agents of SHIELDSucked into outer space by FlintHek-Sel
0%
LokiDied when the planet crashed into Lamentis-1Hicks
0%
Agents of SHIELDShot by TessHolt
0%
LokiDied when the planet crashed into Lamentis-1Hudson
0%
LoganDecapitated by X-24Jackson
0%
Werewolf by NightDied of an unknown cause off-screenJacob Howell MacDougal
0%
EternalsStabbed by a DeviantJano
0%
Agents of SHIELDSucked into spaceJerry
0%
LokiConsumed by AliothJohn Eldridge Jr
0%
Agents of SHIELDConsumed by VrellnexiansJones
0%
Agents of SHIELDStabbed through the chest by MacKenzieKasius
0%
LoganThroat slit by X-24Kathryn Munson
0%
The Falcon and the Winter SoldierSkin melted with acid vapor by SharonLennox
0%
Werewolf by NightHand cut off and shot in the throat by Elsa BloodstoneLiorn
0%
The Falcon and the Winter SoldierShot by a deflected bullet from another thugLouie
0%
Deadpool 2Shot in the head by DeadpoolLuke
0%
The New MutantsIncinerated by SunspotMariella
0%
LokiConsumed by AliothMartin
0%
Agents of SHIELDKilled by Sinara with her Kree SpheresMaston-Dar
0%
The Falcon and the Winter SoldierShot by the Power Broker's menMatias
0%
LoganImpaled by X-24Nate Munson
0%
The Falcon and the Winter SoldierStabbed and sliced in half by Walker with the shieldNico Kovaczsik
0%
LokiDied when the planet crashed into Lamentis-1Patrice
0%
Deadpool 2Burned by Zietgiest's acid spitPeter Wisdom
0%
LokiKilled by a hurricaneRandy
0%
Agents of SHIELDKilled by Sinara with her Kree SpheresReese
0%
She-Hulk: Attorney at LawDied of an unknown causeRose
0%
Ms. MarvelStabbed in the chest with knives by WaleedSaleem
0%
Moon KnightKilled by HarrowSelim
0%
Werewolf by NightDied of an unknown cause off-screenSeptimus Bloodstone
0%
Deadpool 2Killed by Deadpool with a knifeSergei Valishnikov
0%
Agents of SHIELDImpaled on a spike by QuakeSinara
0%
MorbiusEaten by MiloSutton
0%
Deadpool 2Shot by CableThomas Cassidy/Black Tom
0%
The New MutantsBlown up by CannonballThomas Guthrie
0%
Agents of SHIELDStabbed by Quake and overloaded with OdiumTye
0%
Agents of SHIELDImpaled through the eye by FlintVicar
0%
Agents of SHIELDConsumed by VrellnexiansVirgil
0%
The Falcon and the Winter SoldierShot in the face by ZemoWilfred Nagel
0%
The New MutantsMauled by the Demon BearWilliam Lonestar
0%
LoganImpaled by X-24Will Munson
0%
Moon KnightKilled by HarrowYatzil
0%
LoganShot in the throat by LoganZander Rice
0%
Agents of SHIELDConsumed by VrellnexiansZev
0%

Score Distribution

Percentile by Number Answered

Percent of People with Each Score

Your Score History

You have not taken this quiz